<?xml version="1.0" encoding="UTF-8"?>
<marc:record xmlns:marc="http://www.loc.gov/MARC21/slim">
   <marc:leader>00000nam a2200000 a 4500</marc:leader>
   <marc:datafield ind1="1" ind2=" " tag="100">
      <marc:subfield code="a">Lorentz Iny</marc:subfield>
      <marc:subfield code="4">aut</marc:subfield>
      <marc:subfield code="e">Verfasser/-in</marc:subfield>
   </marc:datafield>
   <marc:datafield ind1=" " ind2=" " tag="653">
      <marc:subfield code="a">Historisch</marc:subfield>
   </marc:datafield>
   <marc:datafield ind1="0" ind2="0" tag="245">
      <marc:subfield code="a">Die Wanderapothekerin</marc:subfield>
   </marc:datafield>
   <marc:datafield ind1=" " ind2="1" tag="264">
      <marc:subfield code="b">Knaur</marc:subfield>
      <marc:subfield code="c">2017</marc:subfield>
   </marc:datafield>
   <marc:datafield ind1="1" ind2=" " tag="520">
      <marc:subfield code="a">Die neue historische Erfolgs-Serie des Bestseller-Duos Iny Lorentz um eine junge mutige Heldin in einer aufregenden Zeit endlich im Taschenbuch  Thüringen im 18. Jahrhundert: Als Klaras Vater, der Wander-Apotheker Martin, und ein Jahr darauf auch ihr Bruder spurlos verschwinden, gerät die Familie in größte Not. Die junge Klara macht sich beherzt auf den Weg zum Fürsten, um ihn um Hilfe zu bitten. Wie ihr Vater will auch sie auf der Wanderschaft Heilmittel verkaufen, um die Familie zu ernähren. Dieser Weg ist jedoch hart und gefahrvoll. Die größte Bedrohung kommt dabei aus der eigenen Familie: Ihr Onkel Alois ist hinter einem Schatz her, den ihr Vater angeblich versteckt hat, und Obrigkeit und Kirche bezichtigen die junge Frau sogar der Hexerei. Klara steht jedoch nicht allein. Da ist zum einen ihre findige Freundin Martha, und dann gibt es noch Tobias, der sie insgeheim bewundert und liebt.</marc:subfield>
   </marc:datafield>
   <marc:datafield ind1=" " ind2=" " tag="020">
      <marc:subfield code="a">9783426515518</marc:subfield>
      <marc:subfield code="9">9783426515518</marc:subfield>
   </marc:datafield>
</marc:record>
